| 000 | 00699nam a2200205 i 4500 | ||
|---|---|---|---|
| 001 | bgj | ||
| 100 | 1 | _aPARAL, Vladimir. | |
| 245 | 1 | 0 |
_aCatapult : _ba timetable of rail, sea, and air ways to paradise / _cby Vladimir Paral ; transl. from the Czech and critical introd. by William Harkins. |
| 260 |
_aHighland Park, NJ : _bCATBIRD Press, _cc. 1989. |
||
| 300 |
_a[8], 226 pp ; _c22 cm. |
||
| 500 | _aTransl. of : Katapult. | ||
| 650 | 9 |
_aCzech fiction _y20th century |
|
| 700 | 1 |
_aHARKINS, William. _etransl. |
|
| 020 | _a0945774044 (hbk, jacket) | ||
| 040 | _cBPK | ||
| 041 | 1 |
_aeng _hcscs |
|
| 920 | _a0-945774-04-4 (hbk, jacket) | ||
| 942 | _cKS | ||
| 008 | s uk f |000 0 eng | ||
| 999 |
_c47269 _d47269 |
||
| 856 |
_uhttp://koha.tu.koszalin.pl/cgi-bin/koha/opac-detail.pl?biblionumber=47269 _yKatalog online BPK |
||